ბათუმის შოთა რუსთაველის სახელმწიფო უნივერსიტეტის ბიბლიოთეკა

მეთოდური მითითებები საკურსო სამუშაოების შესასრულებლად წერტილის რთულ და მყარი სხეულის ბრტყელ მოძრაობებში / (ბიბ.ჩანაწერი № 38554)

000 -ლიდერი
ფიქსირებული სიგრძის საკონტროლო ველი 01114nam a2200205Ia 4500
001 - საკონტროლო ნომერი
საკონტროლო ველი 4655
003 - საკონტროლო ნომრის იდენტიფიკატორი
საკონტროლო ველი GE_BSU
005 - ბოლო ოპერაციის თარიღი და დრო
საკონტროლო ველი 20190516150927.0
008 - ფიქსირებული სიგრძის მონაცემთა ელემენტები - ზოგადი ინფორმაცია
ფიქსირებული სიგრძის საკონტროლო ველი 181216s1985||||ge |||||||||||||| ||geo||
040 ## - კატალოგიზაციის წყარო
Transcribing agency GE_BSU
041 ## - ენის კოდი
Language code of text/sound track or separate title geo
080 ## - უნივერსალური ათობითი კლასიფიკაციის ინდექსი
Universal Decimal Classification number 531(072) მ-50
245 ## - ცნობა სათაურის შესახებ
Title მეთოდური მითითებები საკურსო სამუშაოების შესასრულებლად წერტილის რთულ და მყარი სხეულის ბრტყელ მოძრაობებში /
Statement of responsibility, etc შემდგ : ქ.სარალიძე ; გ.ჩხატარაშვილი; რედ : ე.გიორგაძე.
264 ## - წარმოების, გამოცემის, დისტრიბუციის და სხვა ცნობები
გამოცემის, წარმოების, დისტრიბუციის... ადგილი თბილისი :
გამოცემის, წარმოების, დისტრიბუციის... სახელწოდება სპი,
გამოცემის, წარმოების, დისტრიბუციის... თარიღი 1985.
300 ## - ფიზიკური აღწერა
Extent 91 გვ .;
Dimensions 20 სმ.
653 ## - INDEX TERM--UNCONTROLLED
Uncontrolled term წერტილის რთული და მყარი სხეულის ბრტყელი მოძრაობები
700 ## - ADDED ENTRY--PERSONAL NAME
Personal name .ჩხატარაშვილი, გ
9 (RLIN) 1228
700 ## - ADDED ENTRY--PERSONAL NAME
Personal name გიორგაძე, ე
Relator term რედაქტორი
9 (RLIN) 398
942 ## - ADDED ENTRY ELEMENTS (KOHA)
Koha item type წიგნი
Source of classification or shelving scheme
ეგზემპლარები
ჩამოწერის სტატუსი დაკარგული ეგზემპლარის სტატუსი კლასიფიკაციის წყარო ან თაროზე გაწყობის სქემა დაზიანების სტატუსი არ გაიცემა მუდმივი მდებარეობა (დაცვის ადგილი) ამჟამინდელი ადგილსამყოფელი თაროზე განთავსების ადგილი შეძენის თარიღი ღირებულება, შესყიდვის ნორმალური ფასი სრული შენახვის შიფრი შტრიხკოდი ბოლო ოპერაციის თარიღი ეგზემპლარის მიმდევრობითი ნომერი (კეტერი?) ფასის ძალაში შესვლის თარიღი ეგზემპლარის სახეობა საჯარო შენიშვნა
          ტექნოლოგიური ფაკულტეტის ბიბლიოთეკა ტექნოლოგიური ფაკულტეტის ბიბლიოთეკა წიგნსაცავი 2018-12-17 0.00 531(072) მ-50 8618 2018-12-17 8618 2018-12-17 წიგნი 22 თ.
          ტექნოლოგიური ფაკულტეტის ბიბლიოთეკა ტექნოლოგიური ფაკულტეტის ბიბლიოთეკა წიგნსაცავი 2018-12-17 0.00 531(072) მ-50 8619 2018-12-17 8619 2018-12-17 წიგნი 22 თ.
          ტექნოლოგიური ფაკულტეტის ბიბლიოთეკა ტექნოლოგიური ფაკულტეტის ბიბლიოთეკა   2018-12-17 0.00 531(072) მ-50 8620 2018-12-17 8620 2018-12-17 წიგნი 22 თ.